Регионална библиотека "Любен Каравелов" - Русе

Миналото (Запис номер 202090)

MARC детайли
000 -Лидер
Контролно поле с фиксирана дължина 01710nam a2200349 a 4500
003 - Код на организацията, давaща контролен номер
Контролно поле BLK
005 - Дата и час на последна редакция
Контролно поле 20240405095607.0
008 - Елементи от данни с фиксирана дължина
fixed length control field 180411b bul|||||r ||||||| ||bul||
010 ## - Наследен системен номер
LC control number KNG00211549000
040 ## - Източник на каталожния запис
Идентификатор на билиотеката - собственик на записа BLK
041 ## - Код за език
Код за езика на текст/звукозапис или на отделно заглавие Български
Код за езика КДБФ Български
080 ## - УДК
Текстов определител УДК Националнореволюционно движение през 70-те години
УДК код - определител по УДК 94(497.2)"187..."
УДК - код + определител 94(497.2)"187..."
100 ## - Редна дума - Автор
Автор Заимов, Стоян Стоянов
Дати, свързани с автора 1853 - 1932
Автор - информация (биография) Историк, политик, обществен деец. Преводач от руски език
Авторска отговорност първи автор
R(LIN) 428520
139 ## - Редно поле
Редна дума Заимов, Стоян Стоянов
Авторски знак Заим - З 24
245 10 - Сведения за заглавието
Заглавие Миналото
Подзаглавни данни Очерки и спомени из деятелността на бълг. тайни револ. комитети от 1869-1877 г. : Кн. 1 - 3
Редно поле (дума) Стоян Стоянов Заимов.
Том Кн.1
250 ## - Област на изданието
Сведения за изданието 2. изд.
257 ## - Страна на издаване
Страна на създаване/издаване България
260 ## - Област на издателските данни
Име на издателя, разпространителя и проч. Христо Г. Данов
Година на издаване 1898 -
Място на издаване, разпространение и проч. Пловдив
300 ## - Физическа характеристика
Размери/Мащаб 18 см
380 ## - Жанр
Жанр История
490 ## - СЕРИИ (Колекции)
9 (RLIN) 435080
Име на серия Колекция Редки и ценни издания
500 ## - Общи забележки
Забележка Подв. с Ч.2 с инв. номер 2344/57; Ч.3 с инв. номер 8835/66
650 #4 - Допълнително описание по предмет – тема
Основно описание – тема или топоним Революционни, национални и народоосвободителни движения - България
9 (RLIN) 266998
760 1# - Описание на основната серия
Редна дума на основното описание Заимов, Стоян Стоянов
Издание 2. изд.
Място на издаване, издател и година 1898
Страници - том ІV, 216 с.
Заглавие Кн.1
852 ## - Местоположение
Форматна сигнатура Рб 898
Фондова буква Редки и ценни
856 4# - Електронен адрес и достъп
Електронен формат pdf - файл
856 4# - Електронен адрес и достъп
Електронен формат pdf - файл
999 ## - СИСТЕМНИ КОНТРОЛНИ НОМЕРА
Koha biblionumber 202090
Koha biblioitemnumber 202090
942 ## - АРТИКУЛИ
Вид на библиотечния материал Книги
Скрит в OPAC Не
Периодичен библиозапис Да
944 ## - СЪЗДАВАНЕ И РЕДАКЦИЯ на ЗАПИСА
Създаване/Редакция Създаване
Дата на регистрацията/редакция 23.08.2017
Служител, извършил регистрацията/редакцията 30560
Статус, дата на статуса Геновева Генчева
944 ## - СЪЗДАВАНЕ И РЕДАКЦИЯ на ЗАПИСА
Създаване/Редакция Редакция
Дата на регистрацията/редакция 23.08.2017
Служител, извършил регистрацията/редакцията Геновева_Генчева
999 ## - СИСТЕМНИ КОНТРОЛНИ НОМЕРА
Koha biblioitemnumber 202090
Наличности
Код за отписване Код за изгубен артикул Източник на класификационната схема Код за повреда Коз за рестрикции Код за отдаване Артикулен № Име на библиотеката - собственик Име на библиотеката, в която се намира в момента Статус (Текущо местоположение) Дата на вписване в системата Местоположение - отдел Цена в лева Инвентарен номер Систематично азбучна сигнатура Баркод Номер на екземпляра Цена в евро Служебна бележка Служебен тип на артикула
  Не е изгубен Universal Decimal Classification Не е повреден само за читалня Специални фондове ( старопечатни, редки и ценни, фонд М. Арнаудов) 349646 Регионална библиотека "Любен Каравелов" Русе Регионална библиотека "Любен Каравелов" Русе Редки и ценни 1898-01-01 Редки и ценни 2.40 4645/57 Рб 898 900000036454 1 1.23 N: стар фонд Дата: 01.01.1898 Книги
  Не е изгубен Universal Decimal Classification Не е повреден само за читалня Специални фондове ( старопечатни, редки и ценни, фонд М. Арнаудов) 805179 Регионална библиотека "Любен Каравелов" Русе Регионална библиотека "Любен Каравелов" Русе Редки и ценни 2020-11-16 Редки и ценни 20.00   Рб 898 120000849801   10.23   Книги
Vip Innovations Ltd, Rousse, Bulgaria 2025